000 01036nam a2200121Ia 4500
008 220615s9999||||xx |||||||||||||| ||und||
100 _aStephansen, Cathrine||Bjørgesæter, Anders||Brude, Odd Willy||Brönner, Ute||Rogstad, Tonje Waterloo||Kjeilen-Eilertsen, Grethe||Libre, Jean-Marie||Collin-Hansen, Christian
245 0 _aAssessing Environmental Risk of Oil Spills with ERA Acute
_bA New Methodology
546 _aEnglish[eng]
650 _aPollution, general||Water Quality/Water Pollution||Environmental Science and Engineering||Monitoring/Environmental Analysis||Pollution||Water||Environmental Sciences||Environmental Monitoring||Oil Spills||Environmental Risk Assessment||Environmental Modelling||Environmental Risk Management||Oil Spill Impact||Oil Spill Restoration||Resource Damage Factor||Open Access||Pollution & threats to the environment||Water supply & treatment||Environmental science, engineering & technology
856 _uhttps://library.oapen.org/bitstream/20.500.12657/48711/1/9783030701765.pdf
942 _cEB
999 _c16142
_d16142